Desarrollo de una metodología de diseño para un acueducto rural basado en los estándares del PMI (Project Management Institute)
Furkejuvvon:
| Váldodahkki: | |
|---|---|
| Materiálatiipa: | Girji |
| Giella: | Spanish |
| Almmustuhtton: |
[San José], Costa Rica
2014
|
| Fáttát: |
ACUEDUCTOS - DISEÑO - COSTA RICA
> ACUEDUCTOS - PLANIFICACION - COSTA RICA
> TUBERIAS PARA AGUA
> ADMINISTRACION DE PROYECTOS
> ASOCIACIONES ADMINISTRADORAS DE SISTEMAS DE ACUEDUCTOS Y ALCANTARILLADOS COMUNALES
> TANQUES DE ALMACENAMIENTO
> ACUEDUCTO INTEGRADO LA PIEDRA DE CONVENTO (COSTA RICA)
> PROJECT MANAGEMENT INSTITUTE
|
| Fáddágilkorat: |
Lasit fáddágilkoriid
Eai fáddágilkorat, Lasit vuosttaš fáddágilkora!
|
MARC
| LEADER | 00000nam a22000007a 4500 | ||
|---|---|---|---|
| 003 | 011899 | ||
| 005 | 20221231143901.0 | ||
| 008 | 150317b2014 cr a|||| |||| 00| 0 spa d | ||
| 040 | |c cru CEDI | ||
| 090 | |a TFG 7065 | ||
| 100 | |9 500 |a Tencio Avendaño, Eduardo | ||
| 245 | |a Desarrollo de una metodología de diseño para un acueducto rural basado en los estándares del PMI (Project Management Institute) | ||
| 260 | |a [San José], Costa Rica |c 2014 | ||
| 500 | |a Tesis (licenciatura en ingeniería civil)--Universidad de Costa Rica. Facultad de Ingeniería. Escuela de Ingeniería Civil | ||
| 650 | |x ACUEDUCTOS - DISEÑO - COSTA RICA |x ACUEDUCTOS - PLANIFICACION - COSTA RICA |x TUBERIAS PARA AGUA |x ADMINISTRACION DE PROYECTOS |x ASOCIACIONES ADMINISTRADORAS DE SISTEMAS DE ACUEDUCTOS Y ALCANTARILLADOS COMUNALES |x TANQUES DE ALMACENAMIENTO |x ACUEDUCTO INTEGRADO LA PIEDRA DE CONVENTO (COSTA RICA) |x PROJECT MANAGEMENT INSTITUTE |9 501 | ||
| 942 | |c TFG | ||
| 999 | |c 13720 |d 13720 | ||
